Thailand
| Main Author: | |
|---|---|
| Other Authors: | |
| Format: | Book |
| Published: |
New York :
Smithmark Publisher ,
1995
|
| Subjects: |
MARC
| LEADER | 00000cam a2200000 7i4500 | ||
|---|---|---|---|
| 001 | 0000046951 | ||
| 005 | 20150412.0 | ||
| 008 | 150412 | ||
| 020 | |a 0831793619 | ||
| 020 | |a 9780831793616 | ||
| 090 | 0 | 0 | |a 959.3 |b BEE |
| 100 | 1 | |a Beek, Steve Van | |
| 245 | 1 | 0 | |a Thailand |c Steve Van Beek, graphic design by Patrizia Balocco |
| 260 | |a New York : |b Smithmark Publisher , |c 1995 | ||
| 650 | 0 | |a Thailand | |
| 700 | 1 | |a Balocco, Patrizia | |
| 999 | |a 0000714566 |b Book |c Adult Collection |e Cawangan Tangkak | ||
| 999 | |a 0000714569 |b Book |c Adult Collection |e Cawangan Tmn. Ungku Tun Aminah | ||